Statystyki dla Państwa graniczące z Rosją

Kliknij tutaj aby rozwiązać quiz!

Ogólne statystyki

  • Ten quiz został rozwiązany 32 razy
  • Średni wynik to 12 z 14

Statystyki odpowiedzi

Długość granicyPaństwa graniczące z Rosją% Poprawnych
6846 kmKazachstan
100%
3645 kmChiny
96%
290 kmEstonia
96%
292 kmŁotwa
96%
210 kmPolska
96%
959 kmBiałoruś
93%
1313 kmFinlandia
93%
227 kmLitwa
93%
723 kmGruzja
89%
3441 kmMongolia
89%
1576kmUkraina
89%
17,5 kmKorea Północna
81%
284 kmAzerbejdżan
74%
196 kmNorwegia
63%

Rozkład punktacji

Percentyl według liczby udzielonych odpowiedzi

Procent ludzi z każdym wynikiem

Twoja historia wyników

Nie rozwiązałeś tego quizu